| 000 | 01080nam a22003617a 4500 | ||
|---|---|---|---|
| 001 | 1426125 | ||
| 003 | OSt | ||
| 005 | 20210426123701.0 | ||
| 008 | 841029s1985 nyua b 001 0beng | ||
| 010 | _a 84048814 | ||
| 020 | _a039452098X | ||
| 040 |
_aDLC _cDLC _dDLC _beng |
||
| 041 | _aeng | ||
| 043 | _ae-uk--- | ||
| 050 | 0 | 0 |
_aDA89.1.M59 _bZ54 1985 |
| 080 |
_a92 _bZ-64 |
||
| 082 | 0 | 0 |
_a941.082/092/4 _aB _219 |
| 100 | 1 | _aZiegler, Philip. | |
| 245 | 1 | 0 |
_aMountbatten / _cPhilip Ziegler. _b/ by: Alfred A. Knopf |
| 260 |
_aNew York _bAlfred A. Knopf _c1985. |
||
| 300 |
_a784 p. _bill. _c24 cm. |
||
| 365 | _b24.95 usd | ||
| 500 | _aIncludes index. | ||
| 504 | _aBibliography: p. 751-756. | ||
| 600 | 2 | 0 |
_aMountbatten of Burma, Louis Mountbatten, _cEarl, _d1900-1979. |
| 610 | 1 | 0 |
_aGreat Britain. _bRoyal Navy _xBiography. |
| 650 | 0 |
_aAdmirals _zGreat Britain _xBiography. |
|
| 650 | 0 |
_aBiography _9237 |
|
| 650 | 0 |
_aViceroys _zIndia _xBiography. |
|
| 653 | _aბიოგრაფია | ||
| 906 |
_a7 _bcbc _corignew _d1 _eocip _f19 _gy-gencatlg |
||
| 942 |
_2udc _cBK |
||
| 999 |
_c1123 _d1123 |
||